000 00652cam a22002293a 4500
001 27271
003 PGUSA
005 20140828083605.0
008 081115s2008||||xxu|||||s|||||000 | eng d
040 _aPGUSA
_beng
042 _adc
050 4 _aPR
100 1 _aJones, Henry Arthur,
_d1851-1929
245 1 0 _aDolly Reforming Herself :
_bA Comedy in Four Acts
_h[electronic resource] /
_cHenry Arthur Jones
260 _bProject Gutenberg,
_c2008
506 _aPublic domain in the USA.
516 _aElectronic text
653 _aComedies
830 0 _aProject Gutenberg
_v27271
856 4 0 _uhttp://www.gutenberg.org/ebooks/27271
942 _cEB
999 _c256526
_d256526